Pracovný zošit k zemepisu Československa pre 8. ročník základných deväťročných škôl Slovenská socialistická republika

Bibliographic Details
Main Authors: Doubrava, Josef, 1918-1986 (Author), Janega, Pavol, 1913-1982 (Author)
Format: Book
Language:Slovak
PhysicalDescription:75 s. [6 s.]
Published: Bratislava Slovenské pedagogické nakladateľstvo 1976
Edition:3. vyd.
Subjects:

MARC

LEADER 00000nam a22000001i 4500
001 vtls009855098
003 SK-MaSNL
005 20260311130558.0
008 240313s1976 xo r 000 slo
015 |a SNBA1976 
040 |a SNK  |b slo  |c SNK  |e AACR2 
041 0 |a slo 
044 |a xo  |c SK 
080 |a 914.376  |2 1981 
080 |a 338:91(437.6)  |2 1981 
100 1 |a Doubrava, Josef,  |d 1918-1986  |4 aut  |9 123083 
245 1 0 |a Pracovný zošit k zemepisu Československa pre 8. ročník základných deväťročných škôl  |b Slovenská socialistická republika  |c Josef Doubrava, Pavel Janega 
250 |a 3. vyd. 
260 |a Bratislava  |b Slovenské pedagogické nakladateľstvo  |c 1976  |e Bratislava  |f Polygrafické závody 
300 |a 75 s. [6 s.] 
650 0 7 |a geografia  |2 SNKPH  |9 823 
651 7 |a Československo  |2 SNKPHgeo  |9 21376 
655 7 |a učebnice základných škôl  |2 SNKPH  |9 70187 
700 1 |a Janega, Pavol,  |d 1913-1982  |4 aut  |9 191304 
852 |a Slovenská národná knižnica 
958 |a OND 
958 |a CZ 
999 |c 745421  |d 747351 
952 |a SNK  |b SNK  |y VYP  |7 0  |p 17A1117040  |o snkSC 38488 D1  |i snkKSP 2279/76  |0 0  |1 0  |4 0  |d 2014-11-04  |l 0  |r 2026-02-23 23:14:22  |w 2026-02-23